[Event "GER-ch Youth U16 2019"]
[Site "Willingen"]
[Date "2019.06.09"]
[Round "1.11"]
[White "Yi, Danny"]
[Black "Hommel, Niclas"]
[Result "1/2-1/2"]
[WhiteElo "2205"]
[BlackElo "1953"]
[Annotator "NA"]
[PlyCount "97"]
[EventDate "2019.06.07"]
[EventType "swiss"]
[EventRounds "9"]
[EventCountry "GER"]
[SourceTitle "playchess.com"]
[Source "ChessBase"]
[SourceQuality "1"]
[TimeControl "40/5400+30:1800+30"]

1. e4 {[%emt 0:00:00]} c5 {[%emt 0:00:00]} 2. Nf3 {[%emt 0:00:15]} d6 {[%emt 0:00:00]} 3. Bb5+ {[%emt 0:02:05]} Nd7 {[%emt 0:00:00]} 4. O-O {[%emt 0:00:53]} a6 {[%emt 0:00:03]} 5. Bxd7+ {[%emt 0:01:46]} Bxd7 {[%emt 0:00:06]} 6. Re1 {[%emt 0:04:24]} Nf6 {[%emt 0:06:20]} 7. c3 {[%emt 0:09:50]} e6 {[%emt 0:07:23]} 8. d4 {[%emt 0:03:28]} Be7 {[%emt 0:01:11]} 9. e5 {[%emt 0:17:45]} dxe5 {[%emt 0:01:16]} 10. dxe5 {[%emt 0:03:06]} Nd5 {[%emt 0:00:08]} 11. c4 {[%emt 0:01:19]} Nb6 {[%emt 0:07:08]} 12. Qc2 {[%emt 0:01:55]} Bc6 {[%emt 0:11:47]} 13. Nbd2 {[%emt 0:04:11]} Qc7 {[%emt 0:09:50]} 14. Ne4 {[%emt 0:02:19]} h6 {[%emt 0:05:30]} 15. Bf4 {[%emt 0:01:46]} O-O {[%emt 0:03:07]} 16. Qe2 {[%emt 0:09:37]} Nd7 {[%emt 0:06:10]} 17. Rad1 {[%emt 0:02:18]} Rfd8 {[%emt 0:01:56]} 18. h4 {[%emt 0:04:04]} b5 {[%emt 0:06:42]} 19. b3 {[%emt 0:01:04]} bxc4 {[%emt 0:02:46]} 20. bxc4 {[%emt 0:00:09]} Rab8 {[%emt 0:01:44]} 21. h5 {[%emt 0:02:21]} Rb4 {[%emt 0:02:31]} 22. Nd6 {[%emt 0:04:12]} Rdb8 {[%emt 0:06:03]} 23. Nd2 {[%emt 0:01:41]} Bxd6 {[%emt 0:03:07]} 24. exd6 {[%emt 0:00:06]} Qd8 {[%emt 0:02:00]} 25. Nb3 {[%emt 0:02:42]} Ba4 {[%emt 0:00:42]} 26. Ra1 {[%emt 0:04:20]} Qf6 {[%emt 0:04:30]} 27. Bd2 {[%emt 0:04:37]} R4b6 {[%emt 0:00:45]} 28. Ba5 {[%emt 0:00:14]} R6b7 {[%emt 0:01:42]} 29. Bc7 {[%emt 0:00:37]} Rc8 {[%emt 0:00:44]} 30. Qe4 {[%emt 0:01:18]} Rb4 {[%emt 0:01:40]} 31. Rab1 {[%emt 0:01:33]} Qc3 {[%emt 0:04:57]} 32. Rec1 {[%emt 0:01:12]} Qf6 {[%emt 0:00:12]} 33. Qe3 {[%emt 0:04:09]} Bxb3 {[%emt 0:01:26]} 34. Rxb3 {[%emt 0:00:22]} Rxb3 {[%emt 0:01:11]} 35. Qxb3 {[%emt 0:00:28]} e5 {[%emt 0:00:35]} 36. Qb7 {[%emt 0:01:05]} Re8 {[%emt 0:00:01]} 37. Qxa6 {[%emt 0:00:58]} e4 {[%emt 0:00:17]} 38. Qa3 {[%emt 0:01:34]} Qg5 {[%emt 0:01:42]} 39. Re1 {[%emt 0:01:07]} Qxh5 {[%emt 0:00:15]} 40. Qh3 {[%emt 0:01:06]} Qxh3 {[%emt 0:00:59]} 41. gxh3 {[%emt 0:30:05]} f5 {[%emt 0:03:31]} 42. a4 {[%emt 0:00:00]} Kf7 {[%emt 0:04:28]} 43. Rb1 {[%emt 0:00:00]} Ke6 {[%emt 0:04:47]} 44. Rb5 {[%emt 0:00:00]} g5 {[%emt 0:05:51]} 45. a5 {[%emt 0:00:00]} Ra8 {[%emt 0:00:12]} 46. Rb3 {[%emt 0:00:00]} Ne5 {[%emt 0:04:02]} 47. Rc3 {[%emt 0:00:00]} Nf7 {[%emt 0:01:02]} 48. Rb3 {[%emt 0:00:00]} Ne5 {[%emt 0:02:55]} 49. Rb7 {[%emt 0:02:08] normal} 1/2-1/2

[Event "GER-ch Youth U16 2019"]
[Site "Willingen"]
[Date "2019.06.09"]
[Round "1.12"]
[White "Liebold, Aaron"]
[Black "Roehr, Tobias"]
[Result "1-0"]
[WhiteElo "1870"]
[BlackElo "2208"]
[Annotator "NA"]
[PlyCount "65"]
[EventDate "2019.06.07"]
[EventType "swiss"]
[EventRounds "9"]
[EventCountry "GER"]
[SourceTitle "playchess.com"]
[Source "ChessBase"]
[SourceQuality "1"]
[TimeControl "40/5400+30:1800+30"]

1. e4 {[%emt 0:00:00]} c5 {[%emt 0:00:00]} 2. Nf3 {[%emt 0:00:00]} e6 {[%emt 0:00:00]} 3. d4 {[%emt 0:00:00]} cxd4 {[%emt 0:00:00]} 4. Nxd4 {[%emt 0:00:09]} Nc6 {[%emt 0:00:02]} 5. Nc3 {[%emt 0:00:16]} Qc7 {[%emt 0:00:06]} 6. Be3 {[%emt 0:00:20]} a6 {[%emt 0:00:04]} 7. Qd2 {[%emt 0:00:21]} Nf6 {[%emt 0:02:46]} 8. f3 {[%emt 0:00:56]} b5 {[%emt 0:07:00]} 9. O-O-O {[%emt 0:01:41]} Na5 {[%emt 0:10:50]} 10. Kb1 {[%emt 0:01:58]} Nc4 {[%emt 0:03:06]} 11. Bxc4 {[%emt 0:03:27]} bxc4 {[%emt 0:01:50]} 12. g4 {[%emt 0:01:40]} Rb8 {[%emt 0:05:17]} 13. g5 {[%emt 0:05:55]} Nh5 {[%emt 0:00:27]} 14. Rhf1 {[%emt 0:02:26]} Ba3 {[%emt 0:09:15]} 15. Ndb5 {[%emt 0:05:29]} axb5 {[%emt 0:13:13]} 16. bxa3 {[%emt 0:02:07]} O-O {[%emt 0:02:50]} 17. Qd6 {[%emt 0:08:17]} Qb7 {[%emt 0:02:49]} 18. Bc5 {[%emt 0:04:48]} Re8 {[%emt 0:00:05]} 19. f4 {[%emt 0:04:48]} Ra8 {[%emt 0:02:20]} 20. Rf3 {[%emt 0:10:51]} f6 {[%emt 0:11:28]} 21. Rh3 {[%emt 0:06:13]} Ra6 {[%emt 0:02:31]} 22. Qd2 {[%emt 0:00:45]} g6 {[%emt 0:01:44]} 23. Rxh5 {[%emt 0:03:21]} b4 {[%emt 0:07:16]} 24. axb4 {[%emt 0:02:48]} d6 {[%emt 0:00:24]} 25. Bxd6 {[%emt 0:06:36]} Rd8 {[%emt 0:00:12]} 26. e5 {[%emt 0:03:21]} fxe5 {[%emt 0:00:48]} 27. fxe5 {[%emt 0:01:07]} gxh5 {[%emt 0:00:13]} 28. Ka1 {[%emt 0:01:06]} Qf3 {[%emt 0:04:18]} 29. Rg1 {[%emt 0:03:53]} Ra3 {[%emt 0:07:12]} 30. Kb2 {[%emt 0:03:00]} Ra7 {[%emt 0:00:32]} 31. g6 {[%emt 0:01:05]} Bb7 {[%emt 0:01:38]} 32. gxh7+ {[%emt 0:04:20]} Kxh7 {[%emt 0:00:09]} 33. Qg5 {[%emt 0:00:04] normal} 1-0

[Event "GER-ch Youth U16 2019"]
[Site "Willingen"]
[Date "2019.06.09"]
[Round "1.13"]
[White "Post, Hugo"]
[Black "Buller, Ian Joshua"]
[Result "1-0"]
[WhiteElo "2113"]
[BlackElo "1904"]
[Annotator "NA"]
[PlyCount "42"]
[EventDate "2019.06.07"]
[EventType "swiss"]
[EventRounds "9"]
[EventCountry "GER"]
[SourceTitle "playchess.com"]
[Source "ChessBase"]
[SourceQuality "1"]
[TimeControl "40/5400+30:1800+30"]

1. e4 {[%emt 0:00:00]} c5 {[%emt 0:00:00]} 2. Nf3 {[%emt 0:00:00]} d6 {[%emt 0:00:00]} 3. d4 {[%emt 0:00:00]} cxd4 {[%emt 0:00:00]} 4. Nxd4 {[%emt 0:00:00]} Nf6 {[%emt 0:00:02]} 5. Nc3 {[%emt 0:00:08]} a6 {[%emt 0:00:08]} 6. Be3 {[%emt 0:00:51]} e6 {[%emt 0:00:11]} 7. Be2 {[%emt 0:00:48]} Nbd7 {[%emt 0:00:24]} 8. g4 {[%emt 0:08:47]} Nc5 {[%emt 0:17:27]} 9. f3 {[%emt 0:02:07]} h6 {[%emt 0:10:41]} 10. Qd2 {[%emt 0:04:14]} b5 {[%emt 0:01:08]} 11. a3 {[%emt 0:03:00]} Bb7 {[%emt 0:04:57]} 12. O-O-O {[%emt 0:01:45]} d5 {[%emt 0:34:25]} 13. exd5 {[%emt 0:10:59]} Nxd5 {[%emt 0:01:03]} 14. Nxd5 {[%emt 0:00:32]} Bxd5 {[%emt 0:05:05]} 15. Rhe1 {[%emt 0:03:52]} Rc8 {[%emt 0:02:25]} 16. Kb1 {[%emt 0:03:09]} Be7 {[%emt 0:01:04]} 17. Nf5 {[%emt 0:03:59]} O-O {[%emt 0:05:23]} 18. Nxg7 {[%emt 0:08:42]} Bg5 {[%emt 0:01:43]} 19. Nh5 {[%emt 0:04:08]} Bxe3 {[%emt 0:01:01]} 20. Qxe3 {[%emt 0:00:07]} Kh7 {[%emt 0:04:06]} 21. Qd4 {[%emt 0:02:57]} f6 {[%emt 0:01:02] normal} 1-0

[Event "GER-ch Youth U16 2019"]
[Site "Willingen"]
[Date "2019.06.09"]
[Round "1.14"]
[White "Rietschel, Tilo"]
[Black "Knuedel, Torben"]
[Result "0-1"]
[WhiteElo "2005"]
[BlackElo "2044"]
[Annotator "NA"]
[PlyCount "96"]
[EventDate "2019.06.07"]
[EventType "swiss"]
[EventRounds "9"]
[EventCountry "GER"]
[SourceTitle "playchess.com"]
[Source "ChessBase"]
[SourceQuality "1"]
[TimeControl "40/5400+30:1800+30"]

1. e4 {[%emt 0:00:00]} e5 {[%emt 0:00:00]} 2. Nf3 {[%emt 0:00:00]} Nc6 {[%emt 0:00:00]} 3. Bb5 {[%emt 0:00:00]} a6 {[%emt 0:00:01]} 4. Ba4 {[%emt 0:00:00]} Nf6 {[%emt 0:00:04]} 5. O-O {[%emt 0:00:00]} Be7 {[%emt 0:00:06]} 6. d4 {[%emt 0:00:00]} exd4 {[%emt 0:03:03]} 7. e5 {[%emt 0:00:13]} Nd5 {[%emt 0:04:16]} 8. Nxd4 {[%emt 0:01:52]} Nxd4 {[%emt 0:03:11]} 9. Qxd4 {[%emt 0:00:07]} Nb6 {[%emt 0:01:38]} 10. Bb3 {[%emt 0:02:25]} O-O {[%emt 0:03:27]} 11. Nd2 {[%emt 0:16:33]} d5 {[%emt 0:04:25]} 12. exd6 {[%emt 0:00:54]} Bxd6 {[%emt 0:00:56]} 13. Nf3 {[%emt 0:00:22]} c5 {[%emt 0:08:16]} 14. Qd3 {[%emt 0:03:36]} Qc7 {[%emt 0:04:20]} 15. c4 {[%emt 0:00:24]} Bg4 {[%emt 0:05:59]} 16. h3 {[%emt 0:07:15]} Rad8 {[%emt 0:02:17]} 17. Qc3 {[%emt 0:05:31]} Bf5 {[%emt 0:09:15]} 18. Bc2 {[%emt 0:04:28]} Bxc2 {[%emt 0:02:09]} 19. Qxc2 {[%emt 0:00:06]} Nd7 {[%emt 0:02:15]} 20. b3 {[%emt 0:06:05]} Ne5 {[%emt 0:04:00]} 21. Ng5 {[%emt 0:02:56]} Ng6 {[%emt 0:07:16]} 22. Be3 {[%emt 0:08:02]} Bh2+ {[%emt 0:05:27]} 23. Kh1 {[%emt 0:00:06]} Bf4 {[%emt 0:00:16]} 24. Rae1 {[%emt 0:05:00]} Bxg5 {[%emt 0:03:00]} 25. Bxg5 {[%emt 0:00:06]} Rd7 {[%emt 0:00:19]} 26. Qf5 {[%emt 0:06:30]} h6 {[%emt 0:01:40]} 27. Be3 {[%emt 0:01:53]} b6 {[%emt 0:00:24]} 28. Qg4 {[%emt 0:06:51]} Qc6 {[%emt 0:04:24]} 29. Rd1 {[%emt 0:06:01]} Re7 {[%emt 0:04:34]} 30. Rd5 {[%emt 0:01:28]} f5 {[%emt 0:01:27]} 31. Qd1 {[%emt 0:12:12]} Re6 {[%emt 0:03:02]} 32. Bd2 {[%emt 0:02:26]} f4 {[%emt 0:03:09]} 33. f3 {[%emt 0:00:47]} Ne7 {[%emt 0:00:37]} 34. Rd3 {[%emt 0:00:18]} Nf5 {[%emt 0:01:28]} 35. Re1 {[%emt 0:01:07]} Rxe1+ {[%emt 0:02:09]} 36. Bxe1 {[%emt 0:00:22]} Re8 {[%emt 0:03:03]} 37. Rd8 {[%emt 0:00:43]} Nd4 {[%emt 0:00:40]} 38. Rxe8+ {[%emt 0:00:11]} Qxe8 {[%emt 0:00:01]} 39. Bf2 {[%emt 0:01:09]} Qe2 {[%emt 0:00:29]} 40. Qxe2 {[%emt 0:00:09]} Nxe2 {[%emt 0:00:01]} 41. b4 {[%emt 0:02:33]} cxb4 {[%emt 0:01:56]} 42. Bxb6 {[%emt 0:01:40]} Nc3 {[%emt 0:01:28]} 43. c5 {[%emt 0:00:26]} Kf7 {[%emt 0:00:24]} 44. c6 {[%emt 0:03:56]} Ke6 {[%emt 0:00:11]} 45. Kg1 {[%emt 0:01:31]} Nxa2 {[%emt 0:00:29]} 46. Kf2 {[%emt 0:00:32]} b3 {[%emt 0:02:37]} 47. Bd4 {[%emt 0:03:15]} Nc1 {[%emt 0:00:14]} 48. Ke1 {[%emt 0:01:08]} b2 {[%emt 0:00:06] normal} 0-1

[Event "GER-ch Youth U16 2019"]
[Site "Willingen"]
[Date "2019.06.09"]
[Round "2.1"]
[White "Post, Hugo"]
[Black "Suvorov, Alexander"]
[Result "1/2-1/2"]
[WhiteElo "2113"]
[BlackElo "2325"]
[Annotator "NA RC"]
[PlyCount "41"]
[EventDate "2019.06.07"]
[EventType "swiss"]
[EventRounds "9"]
[EventCountry "GER"]
[SourceTitle "playchess.com"]
[Source "ChessBase"]
[SourceQuality "1"]
[TimeControl "40/5400+30:1800+30"]

1. e4 {[%emt 0:00:00]} c5 {[%emt 0:00:00]} 2. Nf3 {[%emt 0:00:00]} e6 {[%emt 0:00:00]} 3. d4 {[%emt 0:00:14]} cxd4 {[%emt 0:00:00]} 4. Nxd4 {[%emt 0:00:05]} Nc6 {[%emt 0:00:05]} 5. Nc3 {[%emt 0:00:23]} Qc7 {[%emt 0:00:24]} 6. Be3 {[%emt 0:00:43]} a6 {[%emt 0:00:21]} 7. Qf3 {[%emt 0:00:32]} d6 {[%emt 0:00:32]} 8. O-O-O {[%emt 0:00:48]} Bd7 {[%emt 0:02:22]} 9. Nxc6 {[%emt 0:00:53]} bxc6 {[%emt 0:03:09]} 10. g4 {[%emt 0:04:03]} Ne7 {[%emt 0:10:34]} 11. Bd3 {[%emt 0:08:31]} Ng6 {[%emt 0:06:49]} 12. Qg2 {[%emt 0:09:13]} Ne5 {[%emt 0:10:32]} 13. Be2 {[%emt 0:11:59]} d5 {[%emt 0:11:06]} 14. f4 {[%emt 0:16:17]} Ng6 {[%emt 0:01:01]} 15. Rhf1 {[%emt 0:02:38]} Bb4 {[%emt 0:12:16]} 16. Na4 {[%emt 0:02:55]} Qa5 {[%emt 0:03:13]} 17. b3 {[%emt 0:00:36]} Ba3+ {[%emt 0:15:04]} 18. Kb1 {[%emt 0:01:08]} Rb8 {[%emt 0:04:26]} 19. Nb2 {[%emt 0:09:03]} Qb4 {[%emt 0:07:41]} 20. Qg3 {[%emt 0:08:16]} Ne7 {[%emt 0:03:19]} 21. Nd3 {[%emt 0:05:31] normal} 1/2-1/2

[Event "GER-ch Youth U16 2019"]
[Site "Willingen"]
[Date "2019.06.09"]
[Round "2.2"]
[White "Knuedel, Torben"]
[Black "Koellner, Ruben Gideon"]
[Result "1/2-1/2"]
[WhiteElo "2044"]
[BlackElo "2299"]
[Annotator "NA"]
[PlyCount "58"]
[EventDate "2019.06.07"]
[EventType "swiss"]
[EventRounds "9"]
[EventCountry "GER"]
[SourceTitle "playchess.com"]
[Source "ChessBase"]
[SourceQuality "1"]
[TimeControl "40/5400+30:1800+30"]

1. e4 {[%emt 0:00:00]} d6 {[%emt 0:00:00]} 2. d4 {[%emt 0:00:00]} Nf6 {[%emt 0:00:00]} 3. Nc3 {[%emt 0:00:00]} e5 {[%emt 0:00:00]} 4. Nge2 {[%emt 0:00:00]} Nc6 {[%emt 0:04:17]} 5. h3 {[%emt 0:03:17]} g6 {[%emt 0:10:22]} 6. Be3 {[%emt 0:02:19]} Bg7 {[%emt 0:01:43]} 7. Qd2 {[%emt 0:02:50]} O-O {[%emt 0:01:13]} 8. g4 {[%emt 0:02:52]} a6 {[%emt 0:07:44]} 9. Bg2 {[%emt 0:03:50]} b5 {[%emt 0:10:38]} 10. a3 {[%emt 0:01:44]} exd4 {[%emt 0:05:19]} 11. Nxd4 {[%emt 0:01:14]} Ne5 {[%emt 0:00:20]} 12. b3 {[%emt 0:05:23]} Bb7 {[%emt 0:04:49]} 13. O-O {[%emt 0:04:54]} Re8 {[%emt 0:03:06]} 14. Bg5 {[%emt 0:03:04]} Qc8 {[%emt 0:12:11]} 15. Rae1 {[%emt 0:07:28]} Ned7 {[%emt 0:03:06]} 16. b4 {[%emt 0:03:03]} Nb6 {[%emt 0:02:46]} 17. f4 {[%emt 0:06:28]} Nc4 {[%emt 0:01:14]} 18. Qd3 {[%emt 0:04:16]} Nd7 {[%emt 0:02:27]} 19. Nd5 {[%emt 0:03:42]} c5 {[%emt 0:05:37]} 20. Nf3 {[%emt 0:02:17]} Bxd5 {[%emt 0:02:20]} 21. exd5 {[%emt 0:00:17]} cxb4 {[%emt 0:03:07]} 22. axb4 {[%emt 0:00:06]} Nb2 {[%emt 0:01:58]} 23. Rxe8+ {[%emt 0:02:16]} Qxe8 {[%emt 0:00:02]} 24. Qd2 {[%emt 0:00:26]} Qc8 {[%emt 0:01:14]} 25. Nd4 {[%emt 0:02:41]} Qc4 {[%emt 0:04:14]} 26. Nc6 {[%emt 0:02:59]} Bc3 {[%emt 0:04:22]} 27. Qc1 {[%emt 0:00:17]} Re8 {[%emt 0:02:46]} 28. f5 {[%emt 0:01:50]} Re2 {[%emt 0:02:23]} 29. fxg6 {[%emt 0:02:39]} hxg6 {[%emt 0:00:54] normal} 1/2-1/2

[Event "GER-ch Youth U16 2019"]
[Site "Willingen"]
[Date "2019.06.09"]
[Round "2.3"]
[White "Boder, Jan"]
[Black "Woelk, Tom-Frederic"]
[Result "0-1"]
[WhiteElo "2123"]
[BlackElo "2239"]
[Annotator "NA"]
[PlyCount "62"]
[EventDate "2019.06.07"]
[EventType "swiss"]
[EventRounds "9"]
[EventCountry "GER"]
[SourceTitle "playchess.com"]
[Source "ChessBase"]
[SourceQuality "1"]
[TimeControl "40/5400+30:1800+30"]

1. b3 {[%emt 0:00:00]} e5 {[%emt 0:00:00]} 2. Bb2 {[%emt 0:00:00]} Nc6 {[%emt 0:00:00]} 3. e3 {[%emt 0:00:00]} Nf6 {[%emt 0:00:03]} 4. Bb5 {[%emt 0:00:00]} e4 {[%emt 0:00:04]} 5. Ne2 {[%emt 0:00:17]} a6 {[%emt 0:00:04]} 6. Bxc6 {[%emt 0:00:04]} dxc6 {[%emt 0:00:04]} 7. Ng3 {[%emt 0:02:01]} h5 {[%emt 0:04:14]} 8. Nc3 {[%emt 0:00:22]} Bg4 {[%emt 0:00:26]} 9. f3 {[%emt 0:00:37]} exf3 {[%emt 0:05:51]} 10. gxf3 {[%emt 0:00:09]} h4 {[%emt 0:01:36]} 11. Nge4 {[%emt 0:00:37]} Nxe4 {[%emt 0:05:26]} 12. Nxe4 {[%emt 0:00:18]} Be6 {[%emt 0:00:12]} 13. Rg1 {[%emt 0:05:06]} f6 {[%emt 0:07:32]} 14. Qe2 {[%emt 0:03:49]} a5 {[%emt 0:00:54]} 15. Rg6 {[%emt 0:15:07]} Kf7 {[%emt 0:06:58]} 16. Qg2 {[%emt 0:17:21]} Bf5 {[%emt 0:18:13]} 17. Bxf6 {[%emt 0:01:45]} gxf6 {[%emt 0:00:29]} 18. Rxf6+ {[%emt 0:00:10]} Qxf6 {[%emt 0:00:08]} 19. Nxf6 {[%emt 0:00:04]} Kxf6 {[%emt 0:00:08]} 20. e4 {[%emt 0:00:36]} Be6 {[%emt 0:00:42]} 21. Qf2 {[%emt 0:04:12]} Bg7 {[%emt 0:09:38]} 22. d4 {[%emt 0:02:05]} a4 {[%emt 0:01:26]} 23. Rd1 {[%emt 0:02:35]} axb3 {[%emt 0:02:45]} 24. cxb3 {[%emt 0:03:06]} Kf7 {[%emt 0:06:16]} 25. f4 {[%emt 0:02:53]} Bg4 {[%emt 0:05:20]} 26. Rd2 {[%emt 0:01:58]} Bf8 {[%emt 0:00:58]} 27. Rd3 {[%emt 0:03:15]} Re8 {[%emt 0:04:23]} 28. Re3 {[%emt 0:01:54]} h3 {[%emt 0:01:57]} 29. Kf1 {[%emt 0:06:59]} Be7 {[%emt 0:00:29]} 30. Qc2 {[%emt 0:01:35]} Rd8 {[%emt 0:04:59]} 31. Qc4+ {[%emt 0:02:37]} Be6 {[%emt 0:00:24] normal} 0-1

[Event "GER-ch Youth U16 2019"]
[Site "Willingen"]
[Date "2019.06.09"]
[Round "2.4"]
[White "Koelle, Tobias"]
[Black "Gutkin, Ilya"]
[Result "1/2-1/2"]
[WhiteElo "2215"]
[BlackElo "2041"]
[Annotator "NA"]
[PlyCount "63"]
[EventDate "2019.06.07"]
[EventType "swiss"]
[EventRounds "9"]
[EventCountry "GER"]
[SourceTitle "playchess.com"]
[Source "ChessBase"]
[SourceQuality "1"]
[TimeControl "40/5400+30:1800+30"]

1. d4 {[%emt 0:00:00]} e6 {[%emt 0:00:00]} 2. c4 {[%emt 0:00:00]} Bb4+ {[%emt 0:00:00]} 3. Bd2 {[%emt 0:00:00]} Bxd2+ {[%emt 0:00:00]} 4. Qxd2 {[%emt 0:00:00]} Nf6 {[%emt 0:00:05]} 5. Nc3 {[%emt 0:00:11]} d5 {[%emt 0:00:12]} 6. e3 {[%emt 0:00:13]} O-O {[%emt 0:00:09]} 7. Nf3 {[%emt 0:00:12]} Qe7 {[%emt 0:00:22]} 8. Bd3 {[%emt 0:00:16]} Rd8 {[%emt 0:00:16]} 9. cxd5 {[%emt 0:00:09]} exd5 {[%emt 0:00:05]} 10. O-O {[%emt 0:00:25]} Nc6 {[%emt 0:07:18]} 11. Bb5 {[%emt 0:09:11]} Rd6 {[%emt 0:03:07]} 12. Rac1 {[%emt 0:07:16]} Ne4 {[%emt 0:14:09]} 13. Qd1 {[%emt 0:16:41]} Bg4 {[%emt 0:07:35]} 14. Be2 {[%emt 0:02:34]} Rad8 {[%emt 0:09:50]} 15. Ne5 {[%emt 0:05:08]} Bxe2 {[%emt 0:04:34]} 16. Nxc6 {[%emt 0:00:43]} Rxc6 {[%emt 0:01:22]} 17. Qxe2 {[%emt 0:00:15]} Rh6 {[%emt 0:05:58]} 18. Nxe4 {[%emt 0:02:32]} dxe4 {[%emt 0:00:57]} 19. Qg4 {[%emt 0:01:19]} c6 {[%emt 0:07:00]} 20. Rc5 {[%emt 0:02:11]} Re6 {[%emt 0:09:07]} 21. Rfc1 {[%emt 0:01:22]} g6 {[%emt 0:04:15]} 22. h3 {[%emt 0:01:17]} Qd7 {[%emt 0:01:40]} 23. a3 {[%emt 0:01:34]} Rde8 {[%emt 0:05:39]} 24. b4 {[%emt 0:02:02]} Rd6 {[%emt 0:01:27]} 25. Qxd7 {[%emt 0:01:18]} Rxd7 {[%emt 0:00:06]} 26. a4 {[%emt 0:00:04]} Re6 {[%emt 0:06:11]} 27. Kf1 {[%emt 0:01:43]} a6 {[%emt 0:05:44]} 28. Ke2 {[%emt 0:00:55]} Rd5 {[%emt 0:02:15]} 29. R1c2 {[%emt 0:09:16]} Red6 {[%emt 0:00:50]} 30. f3 {[%emt 0:02:23]} f5 {[%emt 0:03:56]} 31. fxe4 {[%emt 0:00:41]} fxe4 {[%emt 0:00:05]} 32. Rc1 {[%emt 0:00:05] normal} 1/2-1/2

[Event "GER-ch Youth U16 2019"]
[Site "Willingen"]
[Date "2019.06.09"]
[Round "2.5"]
[White "Dobrikov, Marco"]
[Black "Liebold, Aaron"]
[Result "1-0"]
[WhiteElo "2281"]
[BlackElo "1870"]
[Annotator "TA"]
[PlyCount "63"]
[EventDate "2019.06.07"]
[EventType "swiss"]
[EventRounds "9"]
[EventCountry "GER"]
[SourceTitle "playchess.com"]
[Source "ChessBase"]
[SourceQuality "1"]

{[%evp 12,63,8,16,29,29,25,0,0,0,0,0,0,0,0,0,0,0,0,0,8,-2,0,-1,54,-24,102,100,144,162,355,358,703,679,631,443,411,-95,-88,-74,0,0,166,174,172,166,194,174,208,197,198,188,189,169]} 1. e4 c5 2. Nf3 d6 3. d4 cxd4 4. Nxd4 Nf6 5. Nc3 a6 6. h3 e5 7. Nde2 h5 {B90: Sicilian Najdorf: Unusual White 6th moves, 6 Be3 Ng4 and 6 Be3 e5} 8. Bg5 (8. Nd5 Nxd5 9. Qxd5 Nc6 10. Qd1 Be6 11. Nc3 Rc8 12. Be3 Ne7 13. Be2 d5 14. exd5 Nxd5 15. Nxd5 Qxd5 {½-½ (26) Wang,H (2730)-Giri,A (2783) St Petersburg 2018}) 8... Be6 9. Bxf6 Qxf6 {The position is equal.} 10. Nd5 Qd8 11. Qd3 g6 $146 ({Predecessor:} 11... Nd7 12. O-O-O {0-1 (48) Oglaza,O (2185)-Bjerre,J (2357) Rymanow Zdroj 2017}) 12. O-O-O $36 {[%mdl 2048] White is pushing.} Nd7 13. Kb1 Nc5 14. Qa3 Bg7 15. Nec3 O-O 16. Be2 b5 17. h4 Qb8 (17... Bxd5 $1 $11 18. Rxd5 Qb6) 18. b4 ({White should try} 18. g4 $14) 18... Nd7 {[#]} (18... a5 $11) 19. g4 $1 $16 {[%mdl 512]} Nb6 (19... Bxg4 $2 20. Bxg4 hxg4 21. Ne7+ Kh7 22. h5 $18) 20. gxh5 gxh5 $2 (20... Nxd5 {keeps fighting.} 21. Nxd5 Qa7) 21. Rhg1 $18 (21. Bxh5 Bh6 $16) 21... Nc4 $2 (21... f6 22. Ne7+ Kf7) 22. Qc1 Qd8 23. Bxh5 {Intending Qh6 and mate.} (23. Qh6 Bg4 $16) 23... Kh7 {intending ...Bh6.} 24. Rg3 $2 ({Only move:} 24. Qg5 $18 Qxg5 25. hxg5 (25. Rxg5 Bh6 $16)) 24... Bh6 $17 25. f4 exf4 (25... Qxh4 $6 26. Rgg1 $11) ({Black should play} 25... a5 $1 $17 {[%cal Ra5b4]} 26. Be2 (26. Nxb5 Bxd5 27. Rxd5 Bxf4 $17 {[%mdl 64] Double Attack}) 26... axb4 27. Nxb5 exf4) 26. Rg5 $1 $11 Ne3 $2 (26... Ne5 $11 {and Black has nothing to worry.}) 27. Rdg1 $1 $18 {White is clearly better.} Bxd5 ({But not} 27... Bxg5 $6 28. hxg5 Bxd5 29. g6+ Kh6 30. g7 $14) 28. Nxd5 Nxd5 ({Inferior is} 28... Bxg5 29. hxg5 Nxd5 30. g6+ Kh6 31. exd5 $11) 29. Rxd5 {And now Bg4 would win.} Qf6 30. Bg4 $1 {Strongly threatening Rh5!} Rg8 {[#]} ({Avoid the trap} 30... Bg7 $2 31. c3 $1 $18 {[%mdl 512]}) 31. Qd2 $1 Rad8 32. Rf5 {Accuracy: White = 62%, Black = 42%.} 1-0

[Event "GER-ch Youth U16 2019"]
[Site "Willingen"]
[Date "2019.06.09"]
[Round "2.6"]
[White "Trifan, Andrei Ioan"]
[Black "Yi, Danny"]
[Result "0-1"]
[WhiteElo "2268"]
[BlackElo "2205"]
[Annotator "TA"]
[PlyCount "46"]
[EventDate "2019.06.07"]
[EventType "swiss"]
[EventRounds "9"]
[EventCountry "GER"]
[SourceTitle "playchess.com"]
[Source "ChessBase"]
[SourceQuality "1"]

{[%evp 17,46,12,20,18,19,22,31,22,36,33,61,44,155,-7,-16,0,-4,-9,0,0,0,-125,-113,-356,-364,-350,-356,-465,-362,-364,-335]} 1. e4 e5 2. Nf3 Nf6 3. Nc3 Nc6 4. Bb5 Bb4 5. O-O O-O 6. d3 Bxc3 7. bxc3 d6 8. Bg5 h6 9. Bh4 Bd7 10. a4 {[%cal Ba2a4,Ba4a5][%mdl 32] C49: Four Knights: 4 Bb5 Bb4} Qe7 $146 ({Predecessor:} 10... a6 11. Bc4 Be6 12. Nd2 Na5 13. Ba2 Bxa2 14. Rxa2 Qe7 15. Qf3 g5 16. Bg3 Ne8 {1-0 (38) Najer,E (2624)-Fridman,D (2635) Philadelphia 2007}) 11. a5 a6 12. Bc4 {White is slightly better.} Be6 13. Bd5 Rfd8 14. d4 g5 {[#]} (14... exd4 $14 15. Bxf6 Qxf6) 15. Bxc6 $2 ({White must play} 15. Nxg5 $1 $16 {[%mdl 512]} Bxd5 (15... hxg5 16. Bxg5) 16. exd5 Nxd5 17. Nf3) 15... bxc6 $11 16. Nxg5 $1 hxg5 17. Bxg5 {aiming for f4.} Bc4 18. Qf3 Kg7 19. Qg3 (19. Rfe1 $1 $11 {keeps the balance.}) 19... Rh8 $17 20. f4 $2 (20. Rfd1 $17) 20... Nxe4 $19 21. Bf6+ Kxf6 22. fxe5+ Ke6 23. Qg4+ Kd5 {Accuracy: White = 50%, Black = 59%.} 0-1